| 000 | 00810nam a2200277 a 4500 | ||
|---|---|---|---|
| 001 | BRL_1430 | ||
| 005 | 20190320211212.0 | ||
| 008 | 140114s1988----uk-aob####---#000-0#eng-# | ||
| 020 | _a0852639708 | ||
| 041 | _aeng | ||
| 044 | _aUk | ||
| 050 | 4 |
_aF1219.3.T4 _b.S29 1988 |
|
| 100 | 1 |
_aSayer, Chlöe _d1910-2003 _926882 |
|
| 245 | 1 | 0 |
_aMexican textile techniques _cSayer Chlöe. |
| 260 |
_aAylesbury, Bucks, UK _bShire Publications _c1988 |
||
| 300 |
_a64 p. _bil., mapas _c21 cm. |
||
| 440 | 0 |
_aShire Ethnography _v9 _926883 |
|
| 500 | _aAu1660 | ||
| 500 | _aIncluye dedicatoria a Ruth Lechuga | ||
| 504 | _aBibliografía: p. 62-63 | ||
| 650 | 1 | 4 |
_aIndustria textil indígena _zMexico _94675 |
| 650 | 1 | 4 |
_aTelas _zMexico _926370 |
| 650 | 1 | 4 |
_aTejeduría _zMexico _926884 |
| 902 | _aGRL | ||
| 942 |
_2lcc _cB |
||
| 999 |
_c10240 _d10240 |
||